01061nam a2200253Ia 4500001001100000003000800011006001900019007001500038008004100053040002100094035002100115050002400136100004100160245009900201260004700300300001100347533015200358600005800510650005300568655002900621710001700650856012500667999001500792ebr5001035CaPaEBRm u cr cn|||||||||000808s2001 ilu s 000 0 eng d aCaPaEBRcCaPaEBR a(OCoLC)68063300614aPR5493b.A31 2001eb1 aStevenson, Robert Louis,d1850-1894.10aLetters of Robert Louis Stevenson.nVolume 1h[electronic resource] /cRobert Louis Stevenson. aChampaign, IL :bProject Gutenberg,c2001. a193 p. aElectronic reproduction.bPalo Alto, Calif. :cebrary,d2013.nAvailable via World Wide Web.nAccess may be limited to ebrary affiliated libraries.10aStevenson, Robert Louis,d1850-1894.tCorrespondence. 0aAuthors, Scottishy19th centuryvCorrespondence. 7aElectronic books.2local2 aebrary, Inc.40uhttp://site.ebrary.com/lib/rucke/Doc?id=5001035zAn electronic book accessible through the World Wide Web; click to view c3176d3176